Second Most Recent Coats Of Arms of The World - Statistics

General Stats
  • This quiz has been taken 23 times
    17 since last reset
  • The average score is 116 of 187
Answer Stats
Picture Hint Answer % Correct
1912 - 1916 El Salvador
100%
1937 - 1979 Kiribati
100%
1948 - 1993 North Korea
100%
1992 - 1993 Tajikistan
100%
2004 - 2021 Afghanistan
85%
1908 - 1912 Australia
85%
1934 - 1938 Austria
85%
1932 - 2022 Bahrain
85%
1961 - 2004 Bolivia
85%
1957 - 1994 Canada
85%
1978 - 2001 Comoros
85%
1964 - 1998 Costa Rica
85%
1947 - 1990 Croatia
85%
1909 - 1913 Dominican Republic
85%
1972 - 1984 Egypt / Federation of Arab Republics
85%
1871 - 1968 Guatemala
85%
1918 - 1944 Iceland
85%
2014 - 2018 Kazakhstan
85%
2003 - 2008 Kosovo
85%
1921 - 1974 Liberia
85%
2016 - 2021 Libya
85%
1982 - 1988 Malaysia
85%
1940 - 1990 Maldives
85%
1959 - 2017 Mauritania
85%
1934 - 1968 Mexico
85%
Before 1700 Monaco
85%
1960 - 1992 Mongolia
85%
1912 - 1956 Morocco
85%
1911 - 1956 New Zealand
85%
1825 - 1950 Peru
85%
1970 - 1991 Republic of the Congo
85%
1992 - 2016 Romania
85%
1991 - 1993 Russia
85%
2004 - 2010 Serbia
85%
1997 - 2011 South Korea
85%
1977 - 1981 Spain
85%
1954 - 1972 Sri Lanka
85%
1961 - 1964 Tanzania / Tanganyika
85%
1873 - 1910 Thailand / Siam
85%
1963 - 1989 Tunisia
85%
1949 - 1991 Ukraine
85%
1952 - 2022 United Kingdom
85%
1829 - 1908 Uruguay
85%
2001 - 2023 Vatican City
85%
1954 - 2006 Venezuela
85%
1971 - 1976 Algeria
77%
1959 - 1993 Andorra
77%
1975 - 1992 Angola
77%
1978 - 1993 Azerbaijan
77%
1975 - 1990 Benin
77%
1992 - 1993 Cambodia
77%
1949 - 1950 China
77%
1990 - 1992 Czechia
77%
1972 - 2024 Denmark
77%
1935-1945/1955-1990 Germany / East Germany
77%
1877 - 1957 Ghana / Gold Coast
77%
1984 - 1993 Guinea
77%
1992 - 2004 Montenegro / Serbia and Montenegro
77%
1988 - 2011 Myanmar
77%
1385 - 1481 Portugal
77%
1992 - 1998 Albania
69%
1936 - 1992 Armenia
69%
1981 - 2019 Belize
69%
1960 - 1964 Côte d’Ivoire
69%
1940 - 1990 Estonia
69%
1996 - 2009 Ethiopia
69%
1852 - 1870 France
69%
1964 - 1986 Haiti
69%
1957 - 1990 Hungary
69%
1947 - 1950 India
69%
2004 - 2008 Iraq
69%
1542 - 1837 Ireland
69%
1944 - 1945 Italy
69%
1603 - 1868 Japan / Tokugawa Shogunate
69%
1921 - 1963 Kenya
69%
1956 - 1962 Kuwait
69%
1975 - 1991 Laos
69%
1925 - 1940 Lebanon / Greater Lebanon
69%
1990 - 1991 Lithuania
69%
1981 - 1990 Moldova
69%
1982 - 1990 Mozambique
69%
2008 - 2020 Nepal
69%
1908 - 1971 Nicaragua
69%
1991 - 2009 North Macedonia
69%
1844 - 1905 Norway
69%
2006 - 2014 Panama
69%
1980 - 1990 Poland
69%
1976 - 2022 Qatar
69%
1951 - 1975 São Tomé and Príncipe
69%
1990 - 1992 Slovakia / Czech and Slovak Federative Republic
69%
2005 - 2011 South Sudan
69%
2024-2025 Syria
69%
1940 - 1945 Taiwan / National Reorganized Government of the Republic of China
69%
1980 - 2008 Togo
69%
1920s - 1930s Turkey
69%
2000 - 2003 Turkmenistan
69%
1877 - 1885 United States
69%
1969 - 1980 Vanuatu / New Hebrides
69%
1956 - 1976 Vietnam
69%
1939 - 1964 Zambia / Northern Rhodesia
69%
1924 - 1981 Zimbabwe / Rhodesia
69%
1995 - 2020 Belarus
62%
1976 - 1979 Central African Republic
62%
1898 - 2012 Luxembourg
62%
1961 - 1973 Mali
62%
1979 - 1986 Marshall Islands
62%
1951 - 1962 Samoa / Western Samoa
62%
1300s - 2011 San Marino
62%
1932 - 1950 Saudi Arabia
62%
1959 - 1975 Suriname
62%
2002 - 2007 Timor-Leste
62%
1962 - 2025 Trinidad and Tobago
62%
1978 - 1991 Uzbekistan
62%
1992 - 1998 Bosnia and Herzegovina
54%
1885 - 1966 Botswana
54%
1991 - 1997 Bulgaria
54%
1960 - 1970 Chad
54%
1834 - 1920 Chile
54%
1886 - 1924 Colombia
54%
1905 - 1960 Cyprus
54%
1952 - 1962 Eritrea
54%
1951 - 1973 Guinea-Bissau / Portuguese Guinea
54%
1342 - 1719 Liechtenstein / Vaduz
54%
1998 - 2011 Madagascar
54%
1815 - 1907 Netherlands
54%
1920 - 1948 Palestine / Israel
54%
1990 - 2013 Paraguay
54%
1986 - 1998 Phillippines
54%
1907 - 1979 Saint Vincent and the Grenadines
54%
1945 - 1991 Slovenia
54%
1996 - 1997 Tuvalu
54%
1974 - 1990 Yemen
54%
1831 - 1861 Argentina
46%
1971 - 1992 Brazil
46%
1950 - 1959 Brunei
46%
1962 - 1966 Burundi
46%
1975 - 1986 Cameroon
46%
1906 - 1959 Cuba
46%
2003 - 2006 Democratic Republic of the Congo
46%
1860 - 1900 Ecuador
46%
1883 - 1908 Fiji
46%
1889 - 1965 Gambia
46%
1973 - 1975 Greece
46%
1994 - 2016 Kyrgyzstan
46%
1965 - 1980 Micronesia
46%
1960 - 1979 Nigeria
46%
1947 - 1954 Pakistan
46%
1967 -1979 Saint Lucia
46%
1970 - 1985 Sudan
46%
1803 - 1815 Switzerland
46%
1914 - 1962 Uganda
46%
1870 - 1966 Barbados
38%
1831 - 1837 Belgium
38%
1909 - 1961 Dominica
38%
1920 - 1978 Finland
38%
1991 - 2004 Georgia
38%
1903 - 1974 Grenada
38%
1825 - 1866 Honduras
38%
1950 - 1950 Indonesia
38%
1962 - 1962 Jamaica
38%
1940 - 1990 Latvia
38%
1918 - 1990 Namibia / South West Africa
38%
1955 - 1981 Palau
38%
1962 - 2001 Rwanda
38%
1932 - 2000 South Africa
38%
1905 - 1981 Sweden
38%
1956 - 1967 Antigua and Barbuda
31%
1984 - 1997 Burkina Faso
31%
1966 - 2006 Lesotho
31%
1925 - 1964 Malawi / Nyasaland
31%
1906 - 1971 Papua New Guinea / South East New Guinea
31%
1976 - 1996 Seychelles
31%
1952 - 1960 Somalia
31%
1973 - 2008 United Arab Emirates
31%
1955 - 1971 Bangladesh / East Pakistan
23%
1992 - 1999 Cabo Verde
23%
1973 - 1979 Equatorial Guinea
23%
1980 - 1980 Iran
23%
1956 - 1978 Solomon Islands
23%
1964 - 1971 Bahamas
15%
1955 - 1966 Guyana
15%
1975 - 1988 Malta
15%
1869 - 1906 Mauritius
15%
1967 - 1983 Saint Kitts and Nevis
15%
1960 - 1965 Senegal
15%
1914 - 1960 Sierra Leone
15%
1948 - 1959 Singapore
15%
No matching quizzes found
Score Distribution
Percent of People with Each Score
Percentile by Number Answered
Your Score History
You have not taken this quiz since the last reset